00354nam a22001457a 450000500170000000800410001702000170005804100080007508200150008310000130009824500450011126000290015630000100018565000130019520200520153701.0200520b xxu||||| |||| 00| 0 eng d a978337473548 aeng a616.01 PAN aPanda UN aMicrobiology and parasitology for Nurses aDelhi bAITBS PUBLISHERS a178p. aPharmacy